Normal view
MARC view
Entry Personal Name
001 - CONTROL NUMBER
- control field: 1375
003 - CONTROL NUMBER IDENTIFIER
- control field: BD-RjUL
005 - DATE AND TIME OF LATEST TRANSACTION
- control field: 20220216101557.0
008 - FIXED-LENGTH DATA ELEMENTS
- fixed length control field: 220216|| aca||aabn | a|a d
040 ## - CATALOGING SOURCE
- Original cataloging agency: BD-RjUL
- Transcribing agency: BD-RjUL
100 ## - HEADING--PERSONAL NAME
- Personal name: شفيع، محمد
670 ## - SOURCE DATA FOUND
- Source citation: Work cat.: (BD-RjUL)79394: ارمغان علمى، بخدمت محمد شفيق;; ; Armaġān-i ʻilmī bi khidmat muhamad shafiq /, ١٩٥٥.